000
00214nam a2200097Ia 4500
008
240331s9999 xx 000 0 und d
082
_b
SHI
100
_a
Shiva, V
245
0
_a
Pasumai puratchiyin vanmurai
942
_c
L
999
_c
1482
_d
1482